Los censos de talla en escolares de primer grado en Costa Rica. Un sistema permanente de información

Saved in:
Bibliographic Details
Main Author: Arce Villalobos, Tomas Alberto
Format: Book
Published: [San José , Costa Rica] 1986
Tags: Add Tag
No Tags, Be the first to tag this record!

MARC

LEADER 00000nam a2200000Ia 4500
003 007178
005 20221231144358.0
008 140114s1986 cr a m 000 ||s d
040 |c cru CEDI 
090 |a TFG 1754 
100 |a Arce Villalobos, Tomas Alberto  |9 13404 
245 |a Los censos de talla en escolares de primer grado en Costa Rica. Un sistema permanente de información 
260 |c 1986  |a  [San José , Costa Rica] 
300 |a 57[51] hojas : ilustraciones  
500 |a Investigación Dirigida (licenciatura en ingeniería industrial)--Universidad de Costa Rica. Facultad de Ingeniería. Escuela de Ingeniería Industrial 
501 |a Contiene un folleto instructivo  
942 |c TFG 
999 |c 20989  |d 20989